01642nam a22001937a 450000500170000000800410001702000180005804000070007604100080008308200210009110000190011224500220013125000120015326000300016530000260019536500630022152011220028465000420140620240309095644.0240305b ||||| |||| 00| 0 eng d a9781032435107 cAL aeng 223a153.42bREET aStephen K Reed aThinking visually a2nd ed. aNew YorkbRoutledgec2023 avi,207pbPBc24x17cm. 2Generala7740b₹854.10c₹d₹1095.00e22%f15-02-2024 aThinking Visually documents the many ways pictures, visual images, and spatial metaphors influence our thinking. The book discusses recent empirical, theoretical, and applied contributions that support the view that visual thinking occurs not only where we expect to find it, but also where we do not. Much of comprehending language, for instance, depends on visual simulations of words or on spatial metaphors that provide a foundation for conceptual understanding. This edition has been fully updated throughout and features new coverage of a range of topical and fascinating areas of research, including aesthetics, visual narratives, communicating health risks, dreams, clinical imagery, mathematical games, and the influence of action on perception. It also features a new chapter on Mixed Reality to showcase the many exciting developments in this area. The broad coverage, colorful figures, and research discoveries provide a solid foundation for understanding visual thinking across a wide spectrum of activities. It will be an essential read for all students and researchers interested in Visual Thinking.  2Philosophy and PsychologyaPsychology